| 000 | 00744 a2200241 4500 | ||
|---|---|---|---|
| 999 |
_c3017 _d3017 |
||
| 020 | _a9781444170979 (pbk.) | ||
| 050 | 0 | 0 | _aHQ767.9 LIN 2012 |
| 100 | 1 |
_aLindon, Jennie _eauthor |
|
| 245 | 1 | 0 |
_aUnderstanding children's behaviour 0-11 years / _cJennie Lindon. |
| 264 | 1 |
_aLondon : _bHodder Education, _c2012 |
|
| 300 |
_avi, 234p. _bill. |
||
| 500 | _aIncludes index | ||
| 504 | _aIncludes bibliographical references | ||
| 650 | 0 | _aChild psychology. | |
| 650 | 0 | _aPlay. | |
| 650 | 0 | _aChild development. | |
| 650 | 7 | _aChild development. | |
| 650 | 7 | _aChild psychology. | |
| 650 | 7 | _aPlay. | |
| 942 |
_2lcc _cBK _h767.9 _iLIN _kHQ |
||